Обзор прений; Проблемы Севера; Вып. 6: Труды научного совещания по проблемам акклиматизации и питания населения на Севере

Detalles Bibliográficos
Parent link:Проблемы Севера: сборник/ Академия наук СССР (АН СССР).— , 1958-1972
Вып. 6: Труды научного совещания по проблемам акклиматизации и питания населения на Севере.— 1962.— С. 234-247
Lenguaje:ruso
Publicado: 1962
Colección:Вопросы обеспечения населения Заполярья свежими высокопитательными продуктами сельского хозяйства
Formato: MixedMaterials Capítulo de libro
KOHA link:https://koha.lib.tpu.ru/cgi-bin/koha/opac-detail.pl?biblionumber=221392

MARC

LEADER 00000naa2a2200000 4500
001 221392
005 20231031195639.0
035 |a (RuTPU)RU\TPU\book\241545 
035 |a RU\TPU\book\241544 
090 |a 221392 
100 |a 20120910d1962 k y0rusy50 ca 
101 0 |a rus 
102 |a RU 
200 1 |a Обзор прений 
225 1 |a Вопросы обеспечения населения Заполярья свежими высокопитательными продуктами сельского хозяйства 
461 0 |0 (RuTPU)RU\TPU\book\119820  |t Проблемы Севера  |o сборник  |f Академия наук СССР (АН СССР)  |d 1958-1972 
463 0 |0 (RuTPU)RU\TPU\book\241399  |t Вып. 6: Труды научного совещания по проблемам акклиматизации и питания населения на Севере  |v С. 234-247  |d 1962  |p 268 с. 
801 1 |a RU  |b 63413507  |c 20120910 
801 2 |a RU  |b 63413507  |c 20120910  |g RCR 
942 |c BK